Financial Econometries (Record no. 2695)

MARC details
000 -LEADER
fixed length control field 00391nam a22001697a 4500
005 - DATE AND TIME OF LATEST TRANSACTION
control field 20180305130309.0
008 - FIXED-LENGTH DATA ELEMENTS--GENERAL INFORMATION
fixed length control field 160614b xxu||||| |||| 00| 0 eng d
020 ## - INTERNATIONAL STANDARD BOOK NUMBER
ISBN 0-415-22455-1
041 ## - LANGUAGE CODE
Language code of text/sound track or separate title eng
082 ## - DEWEY DECIMAL CLASSIFICATION NUMBER
Item number 7541
Classification number 332.12
100 ## - MAIN ENTRY--AUTHOR NAME
Personal name Wang, Pejie
245 ## - TITLE STATEMENT
Title Financial Econometries
260 ## - PUBLICATION, DISTRIBUTION, ETC. (IMPRINT)
Name of publisher Rout ledge
Year of publication 2003
300 ## - PHYSICAL DESCRIPTION
Number of Pages 171
650 ## - SUBJECT ADDED ENTRY--TOPICAL TERM
Topical Term Management
942 ## - ADDED ENTRY ELEMENTS (KOHA)
Koha item type Books
Holdings
Lost status Damaged status Collection code Home library Current library Shelving location Date acquired Source of acquisition Cost, normal purchase price Full call number Accession Number Koha item type
    MANAGEMENT JRU Library JRU Library SHELF-58-F 14/06/2016 PURCHASE 375.00 332.12 7541 Books
    Reference JRU Library   SHELF-28-A 14/06/2016   375.00 332.12 7542 Books
    MANAGEMENT JRU Library JRU Library SHELF-58-F 14/06/2016 PURCHASE 375.00 332.12 7543 Books